000 00947nam a2200325Ia 4500
001 35676
003 IT-RoPAU
008 130308s9999 xx 000 0 und d
040 _aIT-RoPAU
040 _cIT-RoPAU
041 _aITALIANO
100 _aSchezen Roberto
100 _gCodice Aut. SPICS: 16972
245 _aCrespi d'Adda: un villaggio operaio-Roberto Schezen
245 _bCrespi D'Adda: un villaggio Operaio-Roberto Schezen
250 _a1a ed.
260 _aMILANO
260 _bEditphoto
260 _c1978 [1° Ed.:1978 - Ed.Ling.Originale:1978]
300 _a"24 p. (prefazione: no ; testo: 24)"
500 _aFotografie di Roberto Schezen e Testi di presentazione di Piergiorgio Dragone
650 _aAUTORI/OPERE DI FOTOGRAFIA
650 _eCodice materia Spics: 6757
700 _aDragone Piergiorgio
700 _gCodice Aut. SPICS: 7106
942 _cBK
957 _71
999 _c70519
_d70519
999 _bSI
999 _g1